000 00782nam a2200217Ia 4500
001 9683
003 GE_BSU
008 181216s||||||||xx |||||||||||||| ||und||
040 _cGE_BSU
080 _a821.353.1-1+821.353.1-11
100 _aმირხულავა,ალიო
245 _aთზულებანი ორ ტომად. ტ.2
245 _bლექსები და პოემები.
245 _cრედ. ილ.ხოშტარია.მხატვ.რ.მახარაძე
260 _aთბილისი
260 _bსაბჭოთა საქართველო
260 _c1971
300 _a454გვ.1ფ.პორტრ.20სმ.
653 _aთზულებანი ორ ტომად
942 _cBK
999 _c42966
_d42966